UM Logo

Assessment of income tax revenue in Digos City: basis for an action plan/ (Record no. 2206)

MARC details
000 -LEADER
fixed length control field 00655nam a22001577a 4500
008 - FIXED-LENGTH DATA ELEMENTS--GENERAL INFORMATION
fixed length control field 160430b xxu||||| |||| 00| 0 eng d
082 ## - DEWEY DECIMAL CLASSIFICATION NUMBER
Edition number 2011
Classification number UT 0293
Item number M46
100 ## - MAIN ENTRY--PERSONAL NAME
9 (RLIN) 7204
Personal name Medel, Margerette Thatcher M.
245 ## - TITLE STATEMENT
Title Assessment of income tax revenue in Digos City: basis for an action plan/
Statement of responsibility, etc. Margerette Thatcher M. Medel, Kimberly Ross O. Langgahin and Churchill D. Chicote.
260 ## - PUBLICATION, DISTRIBUTION, ETC. (IMPRINT)
Place of publication, distribution, etc. Digos City:
Name of publisher, distributor, etc. UMDC
Date of publication, distribution, etc. May 2011.
300 ## - PHYSICAL DESCRIPTION
Extent 35 pages;
Dimensions 27 cm.
650 #0 - SUBJECT ADDED ENTRY--TOPICAL TERM
9 (RLIN) 7203
Topical term or geographic name as entry element Business Administration
Form subdivision Marketing Management
General subdivision Undergraduate thesis.
700 ## - ADDED ENTRY--PERSONAL NAME
9 (RLIN) 7201
Personal name Langgahin, Kimberly Ross O.
700 ## - ADDED ENTRY--PERSONAL NAME
9 (RLIN) 7202
Personal name Chicote, Churchill D.
942 ## - ADDED ENTRY ELEMENTS (KOHA)
Source of classification or shelving scheme Dewey Decimal Classification
Koha item type Undergraduate Thesis
Holdings
Withdrawn status Lost status Source of classification or shelving scheme Damaged status Not for loan Collection code Home library Current library Date acquired Total Checkouts Full call number Barcode Date last seen Price effective from Koha item type
    Dewey Decimal Classification     Undergraduate Theses UM Digos College - LIC UM Digos College - LIC 04/30/2016   UT 0293 M46 2011 UT0293 04/30/2016 04/30/2016 Undergraduate Thesis